[Event "Corus Wijk aan Zee"]
[Site " Wijk aan Zee"]
[Date "2007.01.28"]
[Round "13"]
[White "GM Ponomariov, Ruslan (UKR)"]
[Black "GM Motylev, Alexander(RUS)"]
[Result "1/2-1/2"]
[WhiteElo "2723"]
[BlackElo "2647"]
[Annotator "Ìèõàèë Êðîéòîð"]
[PlyCount "98"]
[EventDate "2007.01.??"]
[EventType "tourn"]
[EventCountry "NED"]
[EventCategory "19"]
[Source "CrestBook.com"]

{Òðè áîãàòûðÿ íà âåðøèíå    Èòàê, ôèíàë! Âñå æäàëè ôååðèè îò ïàðòèè Ðàäæàáîâ -
Òîïàëîâ, îäíàêî ëèäåðû ðåøèëè íå îãîð÷àòü äðóã äðóãà. È âñ¸ äîâîëüíî áûñòðî
çàêîí÷èëîñü ïîâòîðåíèåì õîäîâ Âèäèìî, îáà èãðîêà áûëè ñîãëàñíû ñ äàâíåé
ñåíòåíöèåé Òèãðàíà Ïåòðîñÿíà: «Òóðíèðû íàäî âûèãðûâàòü äî ïîñëåäíåãî òóðà». 
Íî áûë íå ñîãëàñåí ñ ýòèì çåìëÿê âåëèêîãî ÷åìïèîíà Ëåâîí Àðîíÿí, êîòîðûé
íàêàçàë Ñåðãåÿ Òèâÿêîâà çà áåñøàáàøíóþ èãðó. È ïîáåäèòåëåé ó íàñ òåïåðü ñòàëî
òðîå!    Âñåãî ëèøü íà îäíó ïîëîâèíêó îòñòàë îò íèõ Âëàäèìèð Êðàìíèê, êðàñèâî
è ýôôåêòíî «ðàçáîìáèâøèé» ïîçèöèþ ðîêèðîâêè Ëþêà Âàí Âåëè.  Ê ñîæàëåíèþ,
äëÿ ðîññèéñêèõ áîëåëüùèêîâ, ïðîäîëæèëîñü ïàäåíèå â ïðîïàñòü Ïåòðà Ñâèäëåðà.
Î÷åðåäíîå ïîðàæåíèå îò ïðåêðàñíî èãðàâøåãî Ñåðãåÿ Êàðÿêèíà, äà åù¸ â òàêîì
ðàçãðîìíîì ñòèëå...  Âèøâàíàòàí Àíàíä òîæå îñîáî íè ê ÷åìó íå ñòðåìèëñÿ: «
Åñëè íå ïåðâîå, òî âñ¸ ðàâíî êàêîå ìåñòî»  Íó à â îñòàëüíûõ ïàðòèÿõ
ó÷àñòíèêè òóðíèðà, ïîõîæå, ïðîñòî èãðàëè â øàõìàòû.  Êàê, íàïðèìåð, â
ñëåäóþùåé, 85-é ïî ñ÷,òó...} 1. d4 d5 2. c4 c6 {Ñëàâÿíñêàÿ çàùèòà - îäèí èç
ëþáèìåéøèõ ìîèõ äåáþòîâ, êàê çà áåëûõ, òàê è çà ÷¸ðíûõ.} 3. Nc3 Nf6 4. e3 e6
5. Nf3 Nbd7 6. Bd3 dxc4 7. Bxc4 b5 8. Bd3 b4 9. Ne4 Nxe4 10. Bxe4 Bb7 11. O-O
Bd6 12. b3 {Ñîãëàñèòåñü, ñëîæíî íàçâàòü ýòîò âûïàä ïåøêîé äåéñòâåííûì ñïîñîáîì
áîðüáû çà èíèöèàòèâó.} ({Åùå â 1958 ãîäó Âàñèëèé Âàñèëüåâè÷ Ñìûñëîâ â ýòîé
ïîçèöèè ïðåäïî÷,ë ðàçâèâàòü ñëîíà íà d2:} 12. Bd2 O-O 13. Rc1 Rc8 14. Qe2 Qb6
15. Rfd1 Be7 16. Be1 Nf6 17. Bb1 c5 18. dxc5 Rxc5 19. Rxc5 Qxc5 20. Nd4 Rd8 21.
Nb3 Qb6 22. Rxd8+ Bxd8 23. f3 Bd5 24. Bf2 Bxb3 25. axb3 Be7 26. Bd3 Bc5 27. Bc4
Ne8 28. Kf1 Nd6 29. Bd3 g6 30. Qd2 f5 31. Bc4 Kf7 32. Bg3 Qc6 33. Qd3 a5 34.
Ke2 Ke7 35. Bh4+ Kf7 36. Bg3 Ke7 37. Bf4 Bb6 38. Bxd6+ Qxd6 39. Qxd6+ Kxd6 40.
Bb5 Bd8 41. f4 {1/2-1/2 Smyslov,V-Botvinnik,M/Moscow 1958/MainBase}) ({
À âîò Àëåêñåé Äðååâ â ýòîì âàðèàíòå ïðåäïî÷èòàåò ðàçâèòèå ôåðçÿ íà c2. Õîòÿ â
ñëåäóþùåé ïàðòèè ó íåãî ÿâíî ÷òî-òî íå ïîëó÷èëîñü:} 12. Qc2 Rc8 13. a3 f5
14. Bd3 c5 15. Qe2 c4 16. Bb1 bxa3 17. e4 {Ðåçêî ñûãðàíî!} fxe4 18. Bxe4 Bxe4
19. Qxe4 Qe7 20. Ng5 axb2 21. Bxb2 Qxg5 22. Qxe6+ Qe7 {
, è ÷¸ðíûå îòáèëè àòàêó...} 23. Rfe1 Kd8 24. Qh3 Qf7 25. Re6 c3 26. Bc1 Bf4
27. d5 Bxc1 28. Rxc1 Qf4 29. Re3 Rf8 30. Rc2 Qf5 31. Qh4+ g5 32. Qa4 Qxd5 33.
h3 Rf4 34. Qa3 Qd1+ 35. Kh2 Qxc2 36. Qa5+ Rc7 37. Qxg5+ Rf6 38. Qg8+ Rf8 39.
Qd5 Qf5 40. Qa8+ Rc8 41. Qxa7 c2 42. Qa3 c1=Q 43. Qe7+ Kc7 44. Rg3 Qcc5 45. Qe1
Qfxf2 46. Qa1 Qxg3+ {
0-1 Dreev,A (2698)-Grischuk,A (2732)/Mainz 2003/CBM 095 ext}) 12... Nf6 ({
Ðàíåå òóò ÷¸ðíûå ðîêèðîâàëè, êàê íàïðèìåð â ïàðòèè Kozul,Z - Pavlovic,M
(Celje 2003):} 12... O-O 13. Bb2 Nf6 14. Bd3 c5 15. dxc5 Bxc5 16. Qe2 Rc8 17.
Ba6 Bxa6 18. Qxa6 Nd5 19. Rfc1 Qb6 {
, è, ïîõîæå, ÷òî óðàâíÿëè, õîòÿ, â êîíöå êîíöîâ, âñ¸-òàêè ïðîèãðàëè -} 20.
Qxb6 Bxb6 21. Ne5 f6 22. Nc4 Rfd8 23. g3 Bc5 24. Kf1 Be7 25. Na5 Nc3 26. Rc2
Rd5 27. Nc4 Ne4 28. Rac1 Rcd8 29. f3 Ng5 30. Kf2 e5 31. e4 Ra5 32. Ne3 Ne6 33.
Rc6 Kf7 34. Nd5 h5 35. Ra1 Bc5+ {
1-0 Kozul,Z (2597)-Pavlovic,M (2593)/Celje 2003/CBM 097 ext}) 13. Bd3 c5 {
Ñòàðàÿ èäåÿ â íîâîé óâïàêîâêå. Íå âêëþ÷èâ â ñâîè õîäû ðîêèðîâêó, ÷¸ðíûå
âûãàäàëè îäèí òåìï - êîòîðûé áåëûå ìîãëè ïîòðàòèòü íà ðàçâèòèå ñëîíà íà b2 (ñì.
Êîæóë - Ïàâëîâè÷, 2003). Î÷åâèäíî, ÷òî êîðîëÿ ïðÿòàòü ÷¸ðíûå è íåñîáèðàþòñ
ÿ.} 14. Bb5+ Ke7 $1 {Íåìíîãî íàïîìèíàåò çíàìåíèòûé õîä Àíàòîëèÿ Êàðïîâà êîðîë,
ì íà å7 â äàâíèøíåé ïàðòèè ñ Ãàòîé Êàìñêèì.} ({Êîíå÷íî, ñîâñåì ïëîõî} 14...
Nd7 $2 15. dxc5 Bxc5 16. Ne5 Bc8 17. Bb2 {- ÷¸ðíûå ñâÿçàíû ïî ðóêàì è íîãàì.})
({Íåâàæíî è} 14... Kf8 15. Bb2 cxd4 16. Qxd4 {
, ïîñëå ÷åãî Ìîòûë,âó ïðèøëîñü áû äóìàòü, êàê ðàçâèâàòü êîðîëåâñêóþ ëàäüþ.})
15. Bb2 cxd4 16. Bxd4 ({Âèäèìî, òðåáóåò èçó÷åíèÿ è} 16. Nxd4 Rc8 17. Qe2 Qb6
18. a3) 16... Qa5 17. Be2 ({Íà} 17. Qe2 {ñëåäîâàëî áû} Bxf3 18. gxf3 {
, è ÷¸ðíûå ëîìàþò ïåøå÷íóþ ñòðóêòóðó ñîïåðíèêà. Ïðàâäà, çà ýòî áåëûå
ïîëó÷àëè áû äâóõ ñëîíîâ.}) {Ïîëó÷åííàÿ ïîçèöèÿ áîãàòà íà âîçìîæíîñòè - ó ÷,
ðíûõ îãðîìíûé âûáîð õîäîâ. Ìîæíî, íàïðèìåð, çàíèìàòü ëèíèþ «ñ» ëàäüÿìè,
ìîæíî èãðàòü «ïî Ìîòûë,âó» -} 17... Ne4 {, óãðîæàÿ ïåðåâîäîì êîíÿ íà c3.} 18.
Qe1 Nc3 19. Nd2 ({Ñåé÷àñ î÷åíü ëåãêî ìîæíî ïîòåðÿòü êà÷åñòâî, íàïðèìåð} 19.
h3 $2 Nxe2+ 20. Qxe2 Ba6 $17 21. Qb2 Bxf1 22. Bxg7 Rhg8 23. Qf6+ Ke8 24. Rxf1
$17) 19... Qc7 20. Nc4 Bxh2+ 21. Kh1 Bd6 22. Bxc3 bxc3 23. Qxc3 {
Ðàçãðóçî÷íûé äåíü!} Qc5 ({
Íåñêîëüêî ñèëüíåå ñìîòðèòñÿ ïîäêëþ÷åíèå ëàäüè ê áîåâûì äåéñòâèÿì:} 23... Rhd8
{, ïîñëå ÷åãî, åñòåñòâåííî, ïåøêó g7 áðàòü íåëüçÿ -} 24. Qxg7 {èç-çà} Rg8) {
Ìíå äóìàåòñÿ, ÷òî Ïîíîìàð,â â ïîñëåäíåì òóðå áûë íàñòðîåí ìèðîëþáèâî. Âîò îí
óæå è ôåðçåé ìåíÿòü õî÷åò...} 24. Qa5 Rac8 25. Qxc5 Bxc5 26. b4 $5 {
Ôîðñèðóåò ïåðåõîä â «ðàçíîìàñòíûé» ýíäøïèëü.} Bxb4 27. Rfb1 {Ïî ìíå, çàïèðàíè
å ñâîåé ëàäüè, ñìîòðèòñÿ íåñêîëüêî äèêî. Îäíàêî ýòî ïîâåðõíîñòíîå âïå÷àòëåíèå
- ÷¸ðíûå íå ìîãóò ýòèì âîñïîëüçîâàòüñÿ.} Rb8 ({Íåëüçÿ, ðàçóìååòñÿ,} 27... Bc3
$4 28. Rxb7+) ({Ïëîõî è} 27... a5 28. a3 Bd5 29. axb4 Bxc4 30. Bxc4 Rxc4 31.
bxa5 {- è ëàäüè áåëûõ îêàçûâàþòñÿ èìåííî òàì, ãäå íàäî!}) 28. Rxb4 Bxg2+ 29.
Kxg2 Rxb4 {Ïîëó÷èëñÿ èíòåðåñíûé ýíäøïèëü, ãäå çà 2 ë,ãêèå ôèãóðû áåëûõ ÷,
ðíûå èìåþò ëàäüþ è äâå ïåøêè. Ó ìåíÿ ñêëàäûâàåòñÿ âïå÷àòëåíèå, ÷òî ó ÷,
ðíûõ áûëî ïðåèìóùåñòâî - çà ñ÷,ò ïåøåê íà êîðîëåâñêîì ôëàíãå.} 30. a3 Rbb8 ({
Ïîñëå} 30... Rb3 $5 31. Na5 Rc3 {
÷¸ðíûå ïðèêðûâàëè ïîëå c6 è âûãàäûâàëè âðåìÿ äëÿ ïðîäâèæåíèÿ ïåøåê.}) 31. Rh1
h6 32. Rh5 ({Èíòåðåñíî, ó êîãî ëó÷øå ïîñëå} 32. Ne5 Rhc8 33. Rd1 Rc7 34. Bf3 {
?}) 32... f5 33. e4 Kf6 ({Áðàòü (} 33... fxe4 {) èç-çà} 34. Re5 {
- áåëûå âñ¸ àêòèâíåé è àêòèâíåé...}) 34. exf5 ({Â ñëó÷àå} 34. e5+ {
áåëûå ïîëó÷àëè êðàñèâûé ôîðïîñò â öåíòðå. Íî è ìåíÿòü ïåøêè òîæå íåïëîõî.})
34... exf5 35. Ne3 g6 36. Rh4 $6 ({âñ¸-òàêè, êàê ìíå êàæåòñÿ, ñòîèëî ïðîáîâàòü
} 36. Rh1 {
, ïðè õîäå â ïàðòèè ëàäüÿ ýâåíòóàëüíî ïîïàäàåò ïîä óäàðû äâèæóùèõñÿ ïåøåê.})
36... Rb2 37. Bf3 h5 {Ãðîçèò g5.} 38. Ra4 Rh7 {
Òåïåðü áåëûå «ðàñêðó÷èâàþòñÿ».} ({Òåïåðü áåëûå «ðàñêðó÷èâàþòñÿ». Ìîæåò
áûòü, ñëåäîâàëî àêòèâèçèðîâàòüñÿ íà êîðîëåâñêîì ôëàíãå:} 38... h4 $5) (38...
Kg5 $5) 39. Nc4 Rc2 (39... Rb3) 40. Ra6+ Kg5 41. Ne5 Rg7 {Íåîæèäàííî ÷¸ðíûå
ôèãóðû çàñòûâàþò â íåóêëþæåé «ïîçå», à áåëûå îáðåòàþò äîëãîæäàííóþ
ñâîáîäó!} 42. Bd5 Rcc7 43. Nf3+ Kh6 ({
Òóò î÷åíü ïðîñòî è ìàò ïîëó÷èòü! Íàïðèìåð,} 43... Kg4 $4 44. Ra4+ f4 45. Be6#
) {Äâîéíàÿ óãðîçà - âèëêè íà ëàäüè è îòûãðûøà ïåøêè f5.} 44. Nd4 {Äâîéíàÿ óãðîç
à (âèëêà íà îáå ëàäüè è îòûãðûø ïåøêè f5) - è ïîçèöèÿ ïîëíîñòüþ óðàâíèâàåòñÿ.}
Rgd7 45. Nxf5+ Kh7 46. Ne3 {
åïåðü áåëûì äûøàòü ïðîùå - íà äîñêå ìàòåðèàëüíîå ðàâåíñòâî.} Re7 47. Ra5 Kh6
48. Bf3 Re6 49. Rd5 Rf7 {È ñîïåðíèêè ñîãëàñèëèñü íà íè÷üþ.} 1/2-1/2

[Event "Corus Wijk aan Zee"]
[Site " Wijk aan Zee"]
[Date "2007.01.28"]
[Round "13"]
[White "GM Anand, Viswanathan (IND)"]
[Black "GM Navarra, David (CZE)"]
[Result "1/2-1/2"]
[WhiteElo "2779"]
[BlackElo "2719"]
[Annotator "Âàñèëèé Ëåáåäåâ"]
[PlyCount "53"]
[EventDate "2007.01.??"]
[EventType "tourn"]
[EventCountry "NED"]
[EventCategory "19"]
[Source "CrestBook.com"]
[TimeControl "40/7200:20/3600:1800"]

{Ðàíüøå, â äàë,êèå óæå ñîâåòñêèå ãîäû, áûëî ðàñïðîñòðàíåíà òàêàÿ ôðàçà ïðî
íåõîðîøèõ ëþäåé: «Íåò, ÒÀÊÈÕ ìû ñ ñîáîé â êîììóíèçì íå âîçüì,ì!»  Òàê âîò,
ìûñëÿ ïî àíàëîãèè, äóìàþ, ÷òî è ÝÒÓ ïàðòèþ Àëåêñàíäð Õàëèôìàí â ñâîþ
ñåðèþ «Äåáþò áåëûìè ïî Àíàíäó» òîæå áû íå âêëþ÷èë...} 1. e4 e5 2. Nf3 Nc6
3. Bb5 a6 4. Ba4 Nf6 5. O-O Be7 6. Re1 b5 7. Bb3 O-O 8. h3 {Îäíîé áèòâû (ñì.
https://online.crestbook.com/wijk07-03.htm)  ïðîòèâ èçîáðåòåíèÿ ñòàðèíû Ôðýíêà
çà òóðíèð Àíàíä ïîñ÷èòàë âïîëíå äîñòàòî÷íûì.} Bb7 9. d3 d6 10. a3 Qd7 {
È òàê Àíàíä èçâåñòåí, êàê íèêòî äðóãîé, ñâîèì óìåíèåì ïîäñìîòðåòü, ïîäõâàòèòü
÷òî-òî íîâåíüêîå èëè æå íàéòè äûðêó èëè óñèëåíèå â âàðèàíòå, ïðèìåíÿåìîì
ñîïåðíèêîì ðàíåå ïî õîäó òóðíèðà, òî Äàâèä ñâîðà÷èâàåò â ñòîðîíó ïåðâûì-} ({
Êàê-òî î÷åíü ëåãêî óðàâíèâàëè, à çàòåì è ïåðåõâàòûâàëè èíèöèàòèâó ÷åðíûåïîñëå
} 10... Nd7 11. Nc3 Nd4 12. Nxd4 exd4 13. Ne2 c5 14. Ba2 Rc8 15. Nf4 Kh8 16. b4
Nb6 17. Ne2 Qd7 18. Bf4 f5 19. f3 fxe4 20. fxe4 cxb4 21. axb4 d5 22. e5 Bxb4
23. Bd2 Bc5 24. Kh1 Nc4 25. Bf4 {Karjakin,S (2678)-Navara,D (2719)/Wijk aan
Zee NED 2007/The Week in Chess 637/1-0 (56)}) ({èëè} 10... Na5 11. Ba2 c5 12.
Nc3 Nc6 13. Nd5 Nxd5 14. Bxd5 Qc7 15. c3 Nb8 16. Bxb7 Qxb7 17. Nh2 Nd7 18. Ng4
Nf6 19. Ne3 g6 20. b3 Rab8 21. Bb2 Rfd8 22. Qf3 d5 23. exd5 Nxd5 24. d4 Nf4 25.
Qg3 Nd3 26. Ng4 e4 27. d5 Qxd5 28. c4 Qe6 29. Be5 Bd6 30. Bxd6 Qxd6 31. Nh6+
Kf8 32. Rxe4 Qxg3 33. fxg3 bxc4 34. bxc4 Rd4 35. Rxd4 cxd4 36. Ng4 h5 37. Nf2
Ne5 38. c5 Rb3 39. g4 Ke7 40. gxh5 gxh5 41. Ne4 Re3 42. Nd6 Ke6 43. Ne8 a5 44.
Nc7+ Kf5 45. Nb5 Ke4 46. Rd1 Nc6 47. Kf2 a4 48. Nd6+ Kd5 49. Rxd4+ Kxd4 50.
Nf5+ Kxc5 51. Kxe3 Ne5 52. g4 hxg4 53. h4 Kc4 54. h5 Kb3 55. Kd4 Nf3+ 56. Kd3
Kxa3 57. Kc3 {1/2-1/2 Shirov,A (2715)-Aronian,L (2744)/Wijk aan Zee NED 2007})
11. Nbd2 Rfe8 ({
Â ïàðòèè Anand,V (2803) - Kamsky,G (2671) (Sofia BUL 2006) ïîñëå} 11... Nd8 12.
c3 Ne6 13. d4 Rad8 14. d5 Nf4 15. Nf1 Ng6 16. Ng3 c6 17. Bg5 cxd5 18. Bxf6 Bxf6
19. Bxd5 Nf4 20. Bxb7 Qxb7 21. Qc2 g6 22. Rad1 d5 23. exd5 Rxd5 24. Rxd5 Qxd5
25. Rd1 Qe6 26. Qe4 {ïîëè÷ëîñü ÷èñòîé âîäû ðàâíîå ïîëîæåíèå. Íî èç-çà
ñîôèéñêèõ ïðàâèë áåëûå, â êîíöå êîíöîâ, äàæå ïðîèãðàëè!} Rb8 27. Ne2 Nxe2+ 28.
Qxe2 Re8 29. Qe4 h6 30. g4 Bg5 31. Nxg5 hxg5 32. Qd5 Kg7 33. Qxe6 Rxe6 34. Rd7
Kf6 35. Kf1 Rc6 36. Ke2 Ke6 37. Rd8 e4 38. f3 exf3+ 39. Kxf3 Rd6 40. Re8+ Kd5
41. b3 Rf6+ 42. Kg2 Rc6 43. Re3 f5 44. gxf5 gxf5 45. Rg3 Ke4 46. a4 bxa4 47.
bxa4 Kf4 48. Rf3+ Ke5 49. Re3+ Kf6 50. Rd3 f4 51. Kf3 Ke5 52. Kg4 Rd6 53. Rxd6
Kxd6 54. h4 gxh4 55. Kxh4 Kd5 56. Kh3 Ke4 57. Kg2 Ke3 {0-1}) 12. c3 $146 ({
Âñå, â òîì ÷èñëå è ñàì Âèøâàíàòàí, äî ýòîãî àâòîìàòè÷åñêè âåëè êîíÿ íà f1.} 
12. Nf1 {RR} Nd8 13. Ng3 Ne6 14. Ng5 (14. c3 c5 15. d4 exd4 16. cxd4 d5 17. e5
Ne4 18. Nf5 Bf8 19. Be3 Rac8 20. dxc5 N6xc5 21. N5d4 Nxb3 22. Qxb3 Nc5 23. Qd1
a5 24. Qb1 Ne4 25. Rd1 b4 26. axb4 Bxb4 27. Nc2 {Kamsky,G (2671)-Ponomariov,R
(2738)/Sofia BUL 2006/The Week in Chess 602/1-0 (41)}) 14... Nxg5 15. Bxg5 h6
16. Bd2 d5 17. exd5 Bxd5 18. Bxd5 Qxd5 19. Bc3 Bc5 20. Ne4 {
1/2-1/2 Anand,V (2786)-Leko,P (2749)/Monte Carlo 2005/CBM 105 ext}) 12... Bf8
13. Ba2 Nd8 14. Nf1 Ne6 15. Ng3 c5 16. d4 ({ïëîõî} 16. Bg5 $5 Nxg5 17. Nxg5 d5
18. Nh5 h6) 16... exd4 17. cxd4 d5 $1 {
Ïåðâûé ïðèçíàê òîãî, ÷òî ó ÷¸ðíûõ â «èñïàíêå» óæå âñ¸ â ïîðÿäêå.} ({Íà} 
17... c4 {ñëîí áåëûõ âïîëíå ìîæåò ïåðåêëþ÷èòüñÿ íà äðóãóþ äèàãîíàëü} 18. b3
$1 {áåëûå äîëæíî áûòü ñ ðàäîñòüþ «çàêóïîðèëè» áû ñâîåãî ñëîíà}) 18. dxc5 ({
Êîíå÷íî, ïëîõî,} 18. exd5 Nxd4 19. Nxd4 (19. Rxe8 Nxf3+ 20. Qxf3 Rxe8) (19.
Ne5 Qd6 20. f4 Bxd5) 19... Rxe1+ 20. Qxe1 cxd4 {È îáìåí ïåøåê «d»,
çàáåæàâøèõ äðóã çà äðóãà, ïðèâåä,ò ê ïîçèöèè, âûãîäíîé äëÿ ÷¸ðíûõ:} 21. Qd1 $1
Bc5 22. b4 Ba7 23. Bb2 {
È  òåïåðü, äàáû ðàçóêðàñèòü î÷åðåäíîé «ñóõàðèê», ðàçáåð,ì ïðîäîëæåíèå À)}
Nxd5 {, ïîñëå ÷åãî ìû âïîëíå ìîãëè ñòàòü ñâèäåòåëÿìè ñëåäóþùåãî «ôîðñàæà»:}
24. Bxd4 Nxb4 $1 25. Bxa7 $1 Qxd1+ 26. Rxd1 Nxa2 27. Rd7 Bc6 28. Rd6 Be8 29.
Rxa6 b4 30. axb4 Nxb4 31. Ra1 ({(÷òîáû ñëåäóþùèé õîä âûøåë ïîêðàñèâåå;} 31.
Ra3) 31... Nc6 32. Bd4 $1 $11 {Õîòü êàêîå-òî ðàçâëå÷åíèå!}) ({
Íî ñèëüíåå (ïîñëå} 18. exd5 Nxd4 19. Nxd4 Rxe1+ 20. Qxe1 cxd4 21. Qd1 $1 Bc5
22. b4 Ba7 23. Bb2 {) Á)} Bxd5 24. Bxd4 Bxa2 25. Bxa7 {
Ëþáîïûòíûé îáðàç÷èê ñèììåòðè÷íîé ïîçèöèè!} Rxa7 26. Qxd7 Rxd7 27. Rxa2 Rd1+
(27... Rd3 $6 28. a4 $1) 28. Kh2 h6 29. Rc2 Rd3 {- è ó ÷¸ðíûõ ïåðåâåñ!
Êîíå÷íî, â ïàðòèè Àíàíäà, â êàêîé áû îí ôîðìå è íàñòðîåíèè íå íàõîäèëñÿ,
òàêîå óâèäåòü íåâîçìîæíî!}) 18... dxe4 19. Nxe4 Qxd1 $1 ({
«Êîìï» ãîëîñóåò âñåìè ñâîèìè ïðîöåññîðàìè çà} 19... Bxe4 20. Qxd7 Nxd7 21.
Rxe4 Ndxc5 22. Re3 Rad8 23. Bd2 Nd3 24. b4 Rd6 {, íî ó ìåíÿ òàêîå ÷óâñòâî
âîçíèêëî çäåñü, ÷òî ôðàçà ïðî «ïðåèìóùåñòâî äâóõ ñëîíîâ» â ýòîì ïîëîæåíèè -
íå ïóñòîé çâóê....}) 20. Nxf6+ gxf6 21. Rxd1 Rad8 $1 {Ýëåãàíòíûé çàìûñåë, äî
êîòîðîãî «êîìï» äîïèðàåò íå ñðàçó! Íè÷åãî óäèâèòåëüíîãî, êàê ñîîáùèë ìíå
Òðàêòàòîð, êîììåíòèðîâàâøèé âåëèêîëåïíóþ ïàðòèþ Íàâàðû èç ïðåäûäóùåãî òóðà
(>=84) è òàì äî ñóòè çàìûñëîâ Äàâèäà «ïðîãè» äîêàïûâàëèñü ñî ñêðèïîì.} ({
Ïîñëå} 21... Bxc5 22. Bh6 {ó áåëûõ ÷óòü ëó÷øå...}) 22. Rxd8 Rxd8 23. b4 {
Áåëûå âûèãðàëè ïåøêó. È ÷òî èì äåëàòü òåïåðü ñ òàêèì ñ÷àñòüåì, îñîáåííî ïîñëå
} Rd1+ 24. Kh2 Bh6 $1 25. Bb2 Bf4+ 26. g3 Rd3 $1 {È çäåñü, ïîñëå} {È ïîñëå} 27.
gxf4 {, ñîïåðíèêè ñîãëàñèëèñü íà íè÷üþ, âñòàëè èç-çà ñòîëèêà è ïîøëè
ãîòîâèòüñÿ ê  çàêëþ÷èòåëüíîìó áàíêåòó.} ({
Íó, à íàì íè÷òî íå ìåøàåò åù¸ íåìíîãî ïîäâèãàòü ôèãóðêè.} 27. gxf4 Rxf3 {
È òåïåðü ïîñëå} 28. Bxe6 fxe6 29. Bxf6 Rxf4 30. Rg1+ Kf7 (30... Kf8 $5) 31.
Rg7+ Kxf6 32. Rxb7 Rxf2+ 33. Kg3 Ra2 34. Rxh7 Rxa3+ {
ïîëó÷àåòñÿ ìèëëèîí ïåðâàÿ «ëàäåéíàÿ» íè÷üÿ}) ({Èíòåðåñíåå (ïîñëå} 27. gxf4
Rxf3 {)} 28. Bxf6 Nxf4 29. Rg1+ Kf8 30. Bg7+ Ke7 31. Re1+ Kd7 {
(âñ¸ îñòàëüíîå - õóæå)} 32. Re3 Rxf2+ 33. Kg3 Nxh3 $1 34. Bb1 (34. Kxh3 Rxa2)
34... Rg2+ ({ïîñëå} 34... Bg2 $2 35. Re5 $1 {
÷¸ðíîìó êîðîëþ ïðåäñòîèò âñòóïèòü ÿâíî íåðàâíûé áîé ñî âñåìè áåëûìè ôèãóðàìè!
}) 35. Kxh3 Rxg7 {Ëþáîïûòíåéøåå ïîëîæåíèå. Íåñìîòðÿ íà ëèøíþþ ïåøêó ÷¸ðíûå
èñïûòûâàþò íåêîòîðûå òðóäíîñòè!  Íàïðèìåð, î÷åíü õî÷åòñÿ ñäåëàòü òàêîé õîä}
36. Kh4 {...  Íî, êîíå÷íî æå, âñ¸ ýòî î÷åíü ñìàõèâàåò íà ðàâåíñòâî...})
1/2-1/2